000 01238nam a2200325 a 4500
001 000023632
005 20250707094846.0
008 101215s1987 sp r 000 0 spa d
020 _a8430914110
040 _aDO-SdBNP
_bspa
_cBNPHU
041 1 7 _aspa
_heng
_2Código de idioma MARC
082 _a323
_bT488d
100 1 _aThoreau, Henry D.
_d1817-1862.
_948700
240 1 0 _aCivil disobedience
_lEspañol.
245 1 0 _aDesobediencia civil y otros escritos /
_cHenry David Thoreau ; estudio preliminar y notas de Juan José Coy ; traducción de Ma. Eugenia Díaz.
260 _aMadrid :
_bTecnos,
_c1987.
300 _a111, [2] P. ;
_c18 cm.
490 1 _aClásicos del Pensamiento
_v32
534 _aTítulo original:
_tCivil disobedience
500 _aIncluye referencias bibliográficas y notas al pie de las páginas
500 _aIncluye datos biográficos del autor en la solapa de la contracubierta
504 _aIncluye nota bibliográfica (p. xxxv-xxxvii)
600 1 0 _aBROWN, JOHN,
_948701
650 0 _aDerecho civil
_95702
650 0 _aPolíticos
_939809
650 0 _aResistencia civil
_944220
700 1 _aDíaz, Ma. Eugenía
_etr.
_948702
830 0 _aClásicos del Pensamiento ;
_v32
_948703
049 _aBNGR
999 _c23128
_d23128